000 00294nam a22001217a 4500
082 _a001
_bFEP/P
100 _aBERRY, DICK
245 _aPLANTS
_bTHE CHILDREN'S TREASURY OF KNOWLEDGE
260 _aHONGKONG
_bKODANSHA LTD
_c1988
300 _a111
650 _aGENERAL KNOWLEDGE
_zCHINA
942 _cBK
999 _c1914
_d1914